Normal view
MARC view
- Giri, Chandra P.
Entry Personal Name
001 - CONTROL NUMBER
- control field: 1125
003 - CONTROL NUMBER IDENTIFIER
- control field: OSt
005 - DATE AND TIME OF LATEST TRANSACTION
- control field: 20160722160226.0
008 - FIXED-LENGTH DATA ELEMENTS
- fixed length control field: 160722|| aca||aabn | a|a d
040 ## - CATALOGING SOURCE
- Original cataloging agency: OSt
- Transcribing agency: OSt
100 ## - HEADING--PERSONAL NAME
- Personal name: Giri, Chandra P.
670 ## - SOURCE DATA FOUND
- Source citation: Work cat.: (OSt): Remote Sensing of Land Use and Land Cover: Principles and Applications, 2012
